00340nam a2200133Ia 450000500170000000800410001708200130005810000190007124500240009025000080011426000530012230000130017565000180018820241213020742.0240331s9999 xx 000 0 und d bGUNa823 aGunaratne, E.H 4aThe song of freedom a2nd aLondonb Lowe and Brydone Printers Limitedc1947 a115 P ., aShort Stories